Movie Pictures Starting with J - Statistics

General Stats
  • This quiz has been taken 124 times
  • The average score is 10 of 20
Answer Stats
Picture Answer % Correct
Jurassic Park
95%
Joker
94%
The Jungle Book
94%
John Wick
87%
Jumanji
76%
Jaws
72%
Justice League
72%
Juno
69%
Johnny English
52%
Jerry Maguire
49%
Jackass
48%
Jack and Jill
41%
Jingle All The Way
40%
Jennifers Body
36%
Jack Reacher
34%
James and the Giant Peach
31%
Jumpin Jack Flash
14%
Jack the Giant Slayer
7%
Joy Ride
6%
Jasper Jones
1%
No matching quizzes found
Score Distribution
Percent of People with Each Score
Percentile by Number Answered
Your Score History
You have not taken this quiz